|
|
|
|
| LEADER |
01492nas a22002892a 4500 |
| 001 |
000898604 |
| 003 |
CZ BrMZK |
| 005 |
20080612113349.0 |
| 007 |
ta |
| 008 |
080523d19591962xr uu|p||||||||||||0cze d |
| 015 |
|
|
|a cnb002238064
|z cnb002238069
|z cnb002238066
|
| 040 |
|
|
|a BOA001
|b cze
|
| 245 |
0 |
0 |
|a Zprávy Slezského ústavu ČSAV v Opavě
|
| 260 |
|
|
|a Opava :
|b Slezský ústav ČSAV,
|c 1959-1962
|
| 310 |
|
|
|a Periodicita není známa
|
| 500 |
|
|
|a Od r. 1963 se časopis dělí na dvě řady: A.Společenské vědy a B.Přírodní vědy. Od r. 1964 se Řada B se mění na samostatný titul: Zprávy Geografického ústavu ČSAV
|
| 710 |
2 |
|
|a Slezský studijní ústav (Československá akademie věd)
|7 olak2005203665
|
| 780 |
0 |
0 |
|t Zprávy Slezského studijního ústavu
|
| 785 |
0 |
3 |
|t Zprávy Slezského ústavu ČSAV v Opavě. Řada A. Společenské vědy
|
| 785 |
0 |
3 |
|t Zprávy Slezského ústavu ČSAV v Opavě. Řada B. Přírodní vědy
|
| 910 |
|
|
|a BOA001
|b 2-0304.941
|r 1959-62
|
| 990 |
|
|
|a SE
|
| 991 |
|
|
|b 200805
|
| 996 |
6 |
|
|b 2619223093
|c 2-0304.941
|d 1961
|y 1961
|l MZK
|r Sklad / do 24 hodin
|n 3
|w 000898604
|u 000040
|a 1
|e BOA001
|j MZK50
|s P
|
| 996 |
6 |
|
|b 2619324438
|c 2-0304.941
|d 1962
|y 1962
|l MZK
|r Sklad / do 24 hodin
|n 2
|w 000898604
|u 000030
|a 1
|e BOA001
|j MZK50
|s P
|
| 996 |
6 |
|
|b 2619324439
|c 2-0304.941
|d 1959
|y 1959
|l MZK
|r Sklad / do 24 hodin
|n 3
|w 000898604
|u 000010
|a 1
|e BOA001
|j MZK50
|s P
|
| 996 |
6 |
|
|b 2619324440
|c 2-0304.941
|d 1960
|y 1960
|l MZK
|r Sklad / do 24 hodin
|n 3
|w 000898604
|u 000020
|a 1
|e BOA001
|j MZK50
|s P
|